Welcome to CU Library Online Public Access Catalogue (OPAC)

THE GUIDE TO FRANCHISING (Record no. 8647)

MARC details
000 -LEADER
fixed length control field 00369nam a2200169 4500
005 - DATE AND TIME OF LATEST TRANSACTION
control field 20260128161613.0
008 - FIXED-LENGTH DATA ELEMENTS--GENERAL INFORMATION
fixed length control field CU45
020 ## - INTERNATIONAL STANDARD BOOK NUMBER
International Standard Book Number 184480075
050 ## - LIBRARY OF CONGRESS CALL NUMBER
Classification number HF5429.23,M46MEN
100 ## - MAIN ENTRY--PERSONAL NAME
Personal name MARTIN MENDELSOHN
245 ## - TITLE STATEMENT
Title THE GUIDE TO FRANCHISING
250 ## - EDITION STATEMENT
Edition statement 6TH
260 ## - PUBLICATION, DISTRIBUTION, ETC.
Place of publication, distribution, etc. AUSTRALIA
Name of publisher, distributor, etc. THOMSON
Date of publication, distribution, etc. 1970
300 ## - PHYSICAL DESCRIPTION
Extent XII,372p.
500 ## - GENERAL NOTE
General note INDEX
942 ## - ADDED ENTRY ELEMENTS (KOHA)
Source of classification or shelving scheme Library of Congress Classification
Koha item type Books
Suppress in OPAC No
999 ## -
-- 8647
-- 8647
Holdings
Withdrawn status Lost status Source of classification or shelving scheme Damaged status Not for loan Home library Current library Shelving location Date acquired Total checkouts Full call number Barcode Date last seen Copy number Price effective from Koha item type
    Library of Congress Classification     Graduate Library (Christ Temple) Graduate Library (Christ Temple) General stacks 01/28/2026   HF5429.23.M46MEN gsct00002142 01/28/2026 1 01/28/2026 Books
    Library of Congress Classification     Graduate Library (Christ Temple) Graduate Library (Christ Temple) General stacks 01/28/2026   HF5429.23.M46MEN gsct00002143 01/28/2026 2 01/28/2026 Books
© 2023-2024 Copyright: Central University Libraries. All Rights Reserved | Created by: Mahone Tech Office